|
|
|
|
| LEADER |
01175nam a2200301 a 4500 |
| 001 |
14924404 |
| 008 |
120703r20081994nyua b 001 0 eng d |
| 010 |
|
|
|a 2007028663
|
| 020 |
|
|
|a 9780805854978 (hbk)
|
| 020 |
|
|
|a 0805854975 (hbk)
|
| 020 |
|
|
|a 9780805854985 (pbk)
|
| 020 |
|
|
|a 0805854983 (pbk)
|
| 020 |
|
|
|a 9780203932841 (ebk)
|
| 020 |
|
|
|a 0203932846 (ebk)
|
| 040 |
|
|
|a DLC
|c DLC
|d BAKER
|d BTCTA
|d YDXCP
|d C#P
|d BWX
|d NLGGC
|d AU@
|d CDX
|d DLC
|d BD-DhAAL
|
| 082 |
0 |
0 |
|a 418
|2 22
|
| 100 |
1 |
|
|a Gass, Susan M.
|
| 245 |
1 |
0 |
|a Second language acquisition :
|b an introductory course /
|c Susan M. Gass and Larry Selinker.
|
| 250 |
|
|
|a 3rd ed.
|
| 260 |
|
|
|a New York :
|b Routledge/Taylor and Francis Group,
|c 2008.
|
| 300 |
|
|
|a xviii, 593 p. :
|b ill. ;
|c 23 cm.
|
| 504 |
|
|
|a Includes bibliographical references (p. 523-576) and indexes.
|
| 541 |
|
|
|a 00025519
|
| 650 |
|
0 |
|a Second language acquisition.
|
| 700 |
1 |
|
|a Selinker, Larry,
|d 1937-
|
| 852 |
1 |
|
|a Ayesha Abed Library
|j General shelf
|
| 999 |
|
|
|c 12469
|d 12469
|
| 952 |
|
|
|0 0
|1 0
|4 0
|6 418_GAS
|7 0
|9 20624
|a BRACUL
|b BRACUL
|c GEN
|d 2012-07-03
|e Karim International
|g 4200.00
|l 10
|m 92
|o 418 GAS
|p 3010025519
|r 2026-05-18
|s 2026-02-18
|t 1
|w 2012-07-04
|y BK
|